02636cam a2200541M 45000010014000000030008000140050017000220060019000390070015000580080041000730400012001140400026001260200036001520200033001880200036002210200033002570200043002900200040003330200015003730200018003880200018004060240031004240410008004550720025004630720025004880720017005130820030005301000030005602450074005902600032006643000022006963360026007183370026007443380036007705200828008065880047016346500038016816500021017196500033017406500061017736500039018348560072018738560102019459040012020479050013020599420007020729990015020799781003385523FlBoTFG20250124160954.0m o d cr |n|||||||||230220s2023 xx o 0|| 0 eng d aKObeng aOCoLC-PbengcOCoLC-P a9781000876048q(electronic bk.) a1000876047q(electronic bk.) a9781003385523q(electronic bk.) a1003385524q(electronic bk.) a9781000876062q(electronic bk. : EPUB) a1000876063q(electronic bk. : EPUB) z1032473053 z9781032473055 z97810324730247 a10.1201/97810033855232doi0 aeng 7aTRAx0060002bisacsh 7aTECx0450002bisacsh 7aKNGS2bicssc04a623.8886223/eng/202302221 aOlsen, Alexander Arnfinn.10aFIREFIGHTING AND FIRE SAFETY SYSTEMS ON SHIPSh[electronic resource]. a[S.l.] :bROUTLEDGE,c2023. a1 online resource atextbtxt2rdacontent acomputerbc2rdamedia aonline resourcebcr2rdacarrier aThis accessible reference introduces firefighting and fire safety systems on ships and is written in line with the IACS Classification Rules for Firefighting Systems. It covers the design, construction, use and maintenance of firefighting and fire safety systems, with cross references to the American Bureau of Shipping rules and various Classification Society regulations which pertain to specific Classification Society rules. Focuses on basic principles in line with current practice Aimed at non-specialists The book suits professional seafarers, students, and cadets, as well as leisure sailors and professionals involved in the logistics industry. It is also particularly useful for naval architects, ship designers, and engineers who need to interpret the Class rules when developing shipboard firefighting systems. aOCLC-licensed vendor bibliographic record. 0aShipsxFires and fire prevention. 0aFire extinction. 0aFire protection engineering. 7aTRANSPORTATION / Ships & Shipbuilding / General2bisacsh 7aTECHNOLOGY / Fire Science2bisacsh403Taylor & Francisuhttps://www.taylorfrancis.com/books/9781003385523423OCLC metadata license agreementuhttp://www.oclc.org/content/dam/oclc/forms/terms/vbrl-201703.pdf aRUDRA_R aR_RANJAN cEB c3047d3047